“锅贴”地点数量≥140的地级行政区 Prefectures with ≥140 "Guotie" sites - Statistics

General Stats
  • This quiz has been taken 42 times
  • The average score is 8 of 15
Answer Stats
地级行政区 数量 % Correct
上海 765
100%
南京 696
100%
苏州 195
100%
杭州 142
95%
合肥 629
84%
滁州 172
54%
芜湖 142
54%
天津 496
43%
温州 259
43%
青岛 413
41%
淮安 144
35%
宣城 141
32%
六安 183
30%
乌鲁木齐 178
5%
遵义 161
0%
No matching quizzes found
Score Distribution
Percent of People with Each Score
Percentile by Number Answered
Your Score History
You have not taken this quiz